000 02482cam a22006374i 4500
003 PE-LiUPU
005 20250731172848.0
008 130617s2013 ilu rbd 001 0 eng d
020 _a0830824561
020 _a1844748766
_q(UK)
020 _a9780830824564
020 _a9781844748761
_q(UK)
020 _z0830884386
_q(electronic bk.)
020 _z1461939194
_q(electronic bk.)
020 _z9780830884384
_q(electronic bk.)
020 _z9781461939191
_q(electronic bk.)
035 _a(Sirsi) i9780830824564
040 _aDLC
_bspa
_erda
_cDLC
_dBTCTA
_dBDX
_dYDXCP
_dNA5
_dBTA
_dSGB
_dOCLCF
_dMNJ
_dMNY
_dCFT
_dCHVBK
_dCDX
_dOCLCO
_dRCT
_dOCLCA
_dOCLCQ
_dOCLCO
_dS3O
_dPE-LiUPU
049 _aPRUA
050 0 0 _aBS2555.52
_b.D53 2013
082 0 0 _a226.03
_bD7
_223
245 0 0 _aDictionary of Jesus and the Gospels /
_cedited by Joel B. Green, Jeannine K. Brown & Nicholas Perrin.
250 _aSecond edition.
264 1 _aDowners Grove, Illinois :
_bIVP Academic,
_c[2013]
300 _axxxi, 1088 páginas ;
_c27 centímetros.
336 _atext
_2rdacontent
337 _aunmediated
_2rdamedia
338 _avolume
_2rdacarrier
490 0 _aThe IVP Bible dictionary series
504 _aBibliografía : al final de cada término.
504 _aÍndice : páginas 1025-1088.
505 0 _aPreface -- How to use this dictionary -- Abbreviations -- Transliterations -- List of contributors -- Dictionary articles -- Scripture index -- Subject index -- Articles index.
526 _aSEG42
526 _aSEG41
526 _aSEG40
526 _aSEG39
526 _aP94
526 _aP87
526 _aP86
526 _aP85
526 _aP77
526 _aP76
526 _aP35
600 0 4 _aJesucristo.
630 0 0 _aBiblia.
_pEvangelios
_xCrítica e interpretación.
_vDiccionarios.
700 1 _aBrown, Jeannine K.,
_eeditor.
700 1 _aGreen, Joel B.,
_d1956- ,
_eeditor.
700 1 _aPerrin, Nicholas,
_eeditor.
910 _ajck
_bjck
_cjck
_d20160606
942 _2ddc
_cBOOK
949 _a226.03 D7
_wDEWEY
_c1
_i73147
_lCCODEBUL1
_mBUL
_p30.00
_r0
_sY
_tBOOK
_u2016-6-6
_xTEOLOGIA
_PP85
_0COMPRA
_o.STAFF. Posgrado
994 _aC0
_bPEPRU
596 _a1
999 _a226.03 D7
_wDEWEY
_c9744
_i73147
_d9744
_e2017-6-8
_f2021-11-9
_g5
_lCCODEBUL1
_mBUL
_n2
_p30.00
_q2
_r0
_sY
_tBOOK
_u2016-6-6
_xTEOLOGIA
_PP85
_0COMPRA
_o.STAFF. Colección Teología
980 _81
_gALBERTO SANCHEZ Responsable de Automatización